Bienvenue à la Médiathèque de Saint-Andiol
banniere
Accueil Recherche avancée Mon compte
handi1 Rechercher dans le catalogue

Filtre   Mots-clés
  Recherche avancée
 
Lister les dernières nouveautés
 
Lister les livres GROS CARACTERES
 
Lister les périodiques (magazines)

handi1 Football

Book Cover
Auteur principal : Jean-Michel Billioud
Autres auteurs : Laetitia Branciard
Titre : Football
Support : Livres
Langue : Francais
Genre : Documentaire
Sujets :
Étiquettes :
Pas de tags
LEADER 01016nam0a2200229 450
001 16867536
010 |a 978-2-215-17268-0  |b cart.  |d 12,9 € 
100 |a 20191017d2020 u u0frey01 ba 
101 0 |a fre 
102 |a FR 
200 0 |a Football  |f Jean-Michel Billioud  |g adapté par Laetitia Branciard 
207 1 |a   
215 |a 47 p.  |c illustrations en noir et en couleur  |d 31 cm 
330 |a Une présentation de ce sport, de ses règles, des ses joueurs célèbres, de ses clubs prestigieux et de ses compétitions. Avec une police de caractère adaptée pour les enfants dyslexiques ou en difficulté d'apprentissage. Electre 2020 
606 0 |a Football  |x Ouvrages pour la jeunesse 
608 |a Livres pour dyslexiques  |x Ouvrages pour la jeunesse 
676 |a 796.3 
700 0 |a Billioud  |b Jean-Michel  |f 1964-....  |4 70 
701 0 |a Branciard  |b Laetitia  |4 10 
900 |a Documentaire 
901 |a Jeunesse 
995 |a Médiathèque  |c Médiathèque  |f 00156010472058  |h 00156010472058  |k E 796.3 FOO  |o p  |q j  |r az  |e Médiathèque